MARC

LEADER 00000nas a2200000 4500
001 ssj0059309
003 WaSeSS
005 20200512172242.0
006 m d
007 cr n
008 791013c19719999ck uu p s f0 b0spa
010 |a  73646762  
016 7 |a 011018224  |2 DE-101 
016 7 |a 186297-2  |2 DE-600 
016 7 |a 009222760  |2 Uk 
022 |l 0120-2804  |y 0120-2804 
030 |a RCLQAY 
035 |a (WaSeSS)ssj0059309 
040 |a DLC  |b eng  |c DLC  |d NSD  |d SER  |d HUL  |d NST  |d FUG  |d OCL  |d OCLCQ  |d GBVCP  |d UKMGB  |d OCLCO  |d OCLCF  |d CUS  |d OCLCO  |d OCLCQ  |d WaSeSS 
042 |a pcc  |a nsdp 
050 0 0 |a QD1  |b .R327 
082 0 |a 540 
210 0 |a Rev. Colomb. quim. 
222 0 |a Revista colombiana de química 
245 0 0 |a Revista colombiana de química  |h [electronic resource]. 
260 |a Bogotá,  |b Universidad Nacional de Colombia, Departamento de Química. 
362 0 |a v. 1- set. 1971- 
506 |a License restrictions may limit access. 
650 0 |a Chemistry  |v Periodicals. 
650 7 |a Chemistry.  |2 fast  |0 (OCoLC)fst00853344 
655 0 |a Electronic journals. 
710 2 |a Universidad Nacional de Colombia.  |b Departamento de Química. 
780 0 0 |a Universidad Nacional de Colombia. Departamento de Química.  |t Revista - Universidad Nacional de Colombia. Departamento de Química  |x 0120-2154  |w (DLC) 73643508 
850 |a DLC  |a FU  |a MoKL 
856 4 0 |z Full text available from Research Library: 05/01/2007 to present  |u https://search.proquest.com/publication/2035759